Elements by Country of Discovery - Statistics

General Stats
  • This quiz has been taken 14 times
  • The average score is 8 of 15
Answer Stats
Country Element % Correct
United Kingdom Hydrogen | Helium | Boron | Nitrogen | Oxygen | Neon | Sodium | Magnesium | Argon | Potassium | Calcium | Titanium | Krypton | Strontium | Niobium | Rhodium | Palladium | Xenon | Barium | Osmium | Iridium | Thallium
100%
United States Promethium | Lutetium | Astatine | Neptunium | Plutonium | Americium | Curium | Berkelium | Californium | Einsteinium | Fermium | Mendelevium | Lawrencium | Rutherfordium | Dubnium | Seaborgium | Nihonium | Flerovium | Moscovium | Livermorium | Tennessine | Oganesson
100%
Germany Beryllium | Phosphorus | Zinc | Germanium | Rubidium | Zirconium | Cadmium | Indium | Caesium | Cerium | Rhenium | Radon | Actinium | Protactinium | Uranium | Hassium | Meitnerium | Darmstadtium | Roentgenium | Copernicium
90%
Ancient Discovery Carbon | Sulfur | Iron | Copper | Arsenic | Silver | Tin | Antimony | Gold | Mercury | Lead
90%
France Helium | Beryllium | Boron | Fluorine | Silicon | Chromium | Gallium | Bromine | Iodine | Samarium | Europium | Dysprosium | Lutetium | Platinum | Bismuth | Polonium | Francium | Radium | Actinium
90%
Sweden Lithium | Oxygen | Silicon | Chlorine | Scandium | Manganese | Cobalt | Nickel | Selenium | Yttrium | Molybdenum | Lanthanum | Cerium | Terbium | Holmium | Erbium | Thulium | Hafnium | Tantalum | Thorium | Nobelium
80%
Poland Polonium | Radium | Protactinium
80%
Russia / USSR Ruthenium | Lawrencium | Rutherfordium | Dubnium | Seaborgium | Bohrium | Nihonium | Flerovium | Moscovium | Livermorium | Tennessine | Oganesson
80%
Switzerland Samarium | Gadolinium | Ytterbium
20%
Italy Technetium | Platinum
20%
Denmark Aluminum
10%
Hungary Hafnium
10%
Netherlands Hafnium
10%
Austria Tellurium | Praseodymium | Neodymium
10%
Spain Vanadium | Tungsten
10%
No matching quizzes found
Score Distribution
Percent of People with Each Score
Percentile by Number Answered
Your Score History
You have not taken this quiz